000 00810nam a2200241Ia 4500
003 OSt
005 20220923223855.0
006 a|||||r|||| 00| 0
007 ta
008 220922b |||||||| |||| 00| 0 hin d
024 _a222,631
037 _cTextual
040 _aARTS
_cARTS
_bhin
041 _2hin
_ahin
082 _aO152,6N296,1, 152N6
100 _aवर्मा, निर्मल
_9156318
245 0 _aइतिहास स्मृति आकांक्षा
246 _aItihās smṛuti ākāankṣhā
260 _aनयी दिल्ली
_b नेशनल पाब्लिशिंग हाउस
_c1996
300 _a53पृ.
_ccm.
942 _hO152,6N296,1, 152N6
_cTEXL
_2CC
999 _c367915
_d367915